000 00523cam a2200205 4500
001 4078312
005 20180223070227.0
008 721025s1973 nyu 000 0 eng
010 _a 72010863
020 _a0690650027
_a0690650019 (paper)
040 _aDLC
_cDLC
_dDLC
041 _aeng
080 _a808.042 wam
082 0 0 _a808.042 wam
100 1 _a48
101 _aedu
245 1 4 _aThe practical stylist
_c[by] Sheridan Baker.
906 _a7
_bcbc
_corignew
_d1
_eocip
_f19
_gy-gencatlg
942 _2ddc
_cBK
999 _c43232
_d43232